<?xml version="1.0" encoding="UTF-8"?>
<record
    xmlns:xsi="http://www.w3.org/2001/XMLSchema-instance"
    xsi:schemaLocation="http://www.loc.gov/MARC21/slim http://www.loc.gov/standards/marcxml/schema/MARC21slim.xsd"
    xmlns="http://www.loc.gov/MARC21/slim">

  <leader>01494cam a22002775i 4500</leader>
  <controlfield tag="001">82687</controlfield>
  <controlfield tag="003">BD-RjUL</controlfield>
  <controlfield tag="005">20240118153016.0</controlfield>
  <controlfield tag="008">230320s1955    pk       b    000 0durd  </controlfield>
  <datafield tag="035" ind1=" " ind2=" ">
    <subfield code="a">(BD-RjUL)82687</subfield>
  </datafield>
  <datafield tag="040" ind1=" " ind2=" ">
    <subfield code="a">DLC</subfield>
    <subfield code="b">eng</subfield>
    <subfield code="e">rda</subfield>
    <subfield code="c">DLC</subfield>
  </datafield>
  <datafield tag="041" ind1="1" ind2=" ">
    <subfield code="a">urd</subfield>
    <subfield code="a">per</subfield>
    <subfield code="a">ara</subfield>
    <subfield code="a">eng</subfield>
    <subfield code="h">per</subfield>
  </datafield>
  <datafield tag="082" ind1=" " ind2=" ">
    <subfield code="2">23</subfield>
    <subfield code="a">891.551</subfield>
    <subfield code="b">IQM 1955</subfield>
  </datafield>
  <datafield tag="100" ind1="1" ind2=" ">
    <subfield code="a">&#x200F;&#x627;&#x642;&#x628;&#x627;&#x644;&#x60C; &#x645;&#x62D;&#x645;&#x651;&#x62F;&#x60C;&#x200F;  ;; Iqbal, Muhammad,</subfield>
    <subfield code="d">1877-1938,</subfield>
    <subfield code="e">author.</subfield>
    <subfield code="9">10955</subfield>
  </datafield>
  <datafield tag="245" ind1="1" ind2="0">
    <subfield code="a">&#x200F;&#x645;&#x62B;&#x646;&#x648;&#x649; &#x627;&#x633;&#x631;&#x627;&#x631; &#x648; &#x631;&#x645;&#x648;&#x632;&#x60C; &#x64A;&#x639;&#x646;&#x649;&#x60C; &#x627;&#x633;&#x631;&#x627;&#x631; &#x62E;&#x648;&#x62F;&#x649; &#x648; &#x631;&#x645;&#x648;&#x632; &#x628;&#x64A;&#x62E;&#x648;&#x62F;&#x649; (&#x647;&#x631; &#x62F;&#x648; &#x64A;&#x6A9;&#x62C;&#x627;) /&#x200F;   ;;  Mas&#x332;nav&#x12B;-i Asr&#x101;r o rum&#x16B;z, ya&#x2BB;n&#x12B;, Asr&#x101;r-i k&#x332;h&#x332;&#x16B;d&#x12B; va Rum&#x16B;z-i b&#x12B;k&#x332;h&#x332;&#x16B;d&#x12B; (har do yakj&#x101;) /</subfield>
    <subfield code="c">Iqb&#x101;l ;.&#x200F;&#x627;&#x642;&#x628;&#x627;&#x644; &#x61B; .</subfield>
  </datafield>
  <datafield tag="246" ind1="3" ind2="0">
    <subfield code="a">&#x200F;&#x627;&#x633;&#x631;&#x627;&#x631; &#x62E;&#x648;&#x62F;&#x649; &#x648; &#x631;&#x645;&#x648;&#x632; &#x628;&#x64A;&#x62E;&#x648;&#x62F;&#x649;  ;;  Asr&#x101;r-i k&#x332;h&#x332;&#x16B;d&#x12B; va Rum&#x16B;z-i b&#x12B;k&#x332;h&#x332;&#x16B;d&#x12B;</subfield>
  </datafield>
  <datafield tag="250" ind1=" " ind2=" ">
    <subfield code="a">T&#x324;ab&#x2BB;-i avval.</subfield>
  </datafield>
  <datafield tag="264" ind1=" " ind2="1">
    <subfield code="a">R&#x101;valpin&#x1E0D;&#x12B; :&#x200F;&#x631;&#x627;&#x648;&#x644;&#x67E;&#x646;&#x688;&#x649; :&#x200F; :</subfield>
    <subfield code="b">Maktabah-i N&#x16B;r-i Ba&#x1E63;&#x12B;rat,&#x200F;&#x645;&#x6A9;&#x62A;&#x628;&#x647; &#x646;&#x648;&#x631; &#x628;&#x635;&#x64A;&#x631;&#x62A;&#x60C;&#x200F;</subfield>
    <subfield code="c">1955</subfield>
  </datafield>
  <datafield tag="300" ind1=" " ind2=" ">
    <subfield code="a">498 pages ;</subfield>
    <subfield code="c">25 cm</subfield>
  </datafield>
  <datafield tag="500" ind1=" " ind2=" ">
    <subfield code="a">Translation of Sir Mu&#x1E25;ammad Iqb&#x101;l's two title "Asr&#x101;r-i kh&#x16B;d&#x12B;" published in 1915 and "Rum&#x16B;z-i bek&#x332;h&#x332;vud&#x12B;" published in 1918, later on these two parts published with the title "Asr&#x101;r o rum&#x16B;z".</subfield>
  </datafield>
  <datafield tag="504" ind1=" " ind2=" ">
    <subfield code="a">Includes bibliographical references.</subfield>
  </datafield>
  <datafield tag="650" ind1=" " ind2=" ">
    <subfield code="a">Persian Poetry</subfield>
  </datafield>
  <datafield tag="942" ind1=" " ind2=" ">
    <subfield code="2">ddc</subfield>
    <subfield code="c">BK</subfield>
  </datafield>
  <datafield tag="999" ind1=" " ind2=" ">
    <subfield code="c">82687</subfield>
    <subfield code="d">82687</subfield>
  </datafield>
  <datafield tag="952" ind1=" " ind2=" ">
    <subfield code="0">0</subfield>
    <subfield code="1">0</subfield>
    <subfield code="2">ddc</subfield>
    <subfield code="4">0</subfield>
    <subfield code="7">1</subfield>
    <subfield code="8">NFIC</subfield>
    <subfield code="a">RUCL</subfield>
    <subfield code="b">RUCL</subfield>
    <subfield code="c">Reading</subfield>
    <subfield code="d">2024-01-18</subfield>
    <subfield code="l">0</subfield>
    <subfield code="o">F 891.551 IQM 1955</subfield>
    <subfield code="r">2024-01-18 00:00:00</subfield>
    <subfield code="t">C-1</subfield>
    <subfield code="w">2024-01-18</subfield>
    <subfield code="y">BK</subfield>
  </datafield>
</record>
